|
|
|
|
| LEADER |
01194nam a2200301 a 4500 |
| 001 |
13479378 |
| 008 |
101012r20082005njua b 001 0 eng d |
| 010 |
|
|
|a 2004044425
|
| 020 |
|
|
|a 8131716791
|
| 020 |
|
|
|a 0131442570
|
| 040 |
|
|
|a DLC
|c DLC
|d DLC
|d BD-DhAAL
|
| 082 |
0 |
0 |
|a 004.6
|2 22
|
| 100 |
1 |
|
|a Stallings, William.
|
| 245 |
1 |
0 |
|a Business data communications /
|c William Stallings.
|
| 250 |
|
|
|a 5th ed.
|
| 260 |
|
|
|a Upper Saddle River, NJ ;
|a New Delhi :
|b Pearson/Prentice Hall,
|c c2005
|g (2008 printing)
|
| 300 |
|
|
|a xviii, 584 p. :
|b ill. ;
|c 25 cm.
|
| 504 |
|
|
|a Includes bibliographical references (p. 567-572) and index.
|
| 541 |
1 |
|
|e 00021166
|
| 650 |
|
0 |
|a Business
|x Data processing.
|
| 650 |
|
0 |
|a Business
|x Communication systems
|x Data processing.
|
| 650 |
|
0 |
|a Local area networks (Computer networks)
|
| 650 |
|
0 |
|a Data transmission systems.
|
| 650 |
|
0 |
|a Business enterprises
|x Computer networks.
|
| 650 |
|
0 |
|a Electronic commerce.
|
| 852 |
4 |
|
|a Ayesha Abed Library
|j General Shelf.
|
| 999 |
|
|
|c 9778
|d 9778
|
| 952 |
|
|
|0 0
|1 0
|2 ddc
|4 0
|6 004_600000000000000_STA_2008
|7 0
|9 12449
|a BRACUL
|b BRACUL
|c GEN
|d 2010-10-13
|g 472.50
|l 1
|m 4
|o 004.6 STA
|p 3010021166
|r 2024-09-02
|s 2024-07-10
|t 1
|w 2010-10-13
|y BK
|